000 00306nam a2200133Ia 4500
005 20251222141844.0
008 251222s9999||||xx |||||||||||||| ||spa||
020 _a84-8316-241-5
082 _a248.24/C17
100 _aCalvo, Maximiliano
245 0 _aCaminar en la Verdad:
264 _bCCS
942 _cLIB
999 _c7533
_d7533